Estrategia, management y el cambio : el estado actual del debate /
Guardado en:
| Autor Principal: | |
|---|---|
| Formato: | Libro |
| Idioma: | Spanish |
| Publicado: |
Buenos Aires :
Coyuntura,
2000.
|
| Series: | Mercado
|
| Materias: | |
| Etiquetas: |
Agregar Etiqueta
Sin Etiquetas, Sea el primero en etiquetar este registro!
|
| LEADER | 00730nam a22002175a 4500 | ||
|---|---|---|---|
| 001 | EIQ.libpla002774 | ||
| 008 | 070822s2000####ag#a##########000#e#spa#d | ||
| 005 | 20070822181309.0 | ||
| 245 | 1 | 0 | |a Estrategia, management y el cambio : |b el estado actual del debate / |c Armando Bertagnini. |
| 260 | |a Buenos Aires : |b Coyuntura, |c 2000. | ||
| 300 | |a 77 p. : |b il. ; |c 22 cm. | ||
| 490 | 1 | |a Estrategias de negocios | |
| 020 | |a 9879169557 | ||
| 100 | 1 | |a Bertagnini, Armando. | |
| 830 | 0 | |a Mercado | |
| 650 | 4 | |a Gestión de empresas |v Ensayo. | |
| 650 | 4 | |a Cambio social |v Ensayo. | |
| 650 | 4 | |a Social change |v Essays. | |
| 650 | 4 | |a Management of companies |v Essays. | |
| 040 | |a AR-BbSID |b spa |c AR-BbSID | ||
| 859 | |a AR-BbSID |b BIB. PLAPIQUI |h 658 |i B 461 |p 6014 | ||
